000 00770nam a2200265Ia 4500
003 OSt
005 20220928112053.0
006 a|||||r|||| 00| 0
007 ta
008 220927b |||||||| |||| 00| 0 eng d
024 _a67544
037 _cTextual
040 _aSDCL
_cSDCL
_beng
041 _2eng
_aeng
082 _aS8:771, N9
100 _aCarroll Michael Ed.
_9426142
245 0 _aCounselling supervision in context
260 _aLondon
_bStage Publication
_c1999
300 _aix,206p
_ccm.
490 _aCounselling supervision series
650 _aCounselling-Psychology
700 _a Holloway Elizabeth Ed.
_9426143
942 _hS8:771, N9
_cTEXL
_2CC
999 _c743139
_d743139